000
00219 a2200097 4500
001
19904
100
_a
Govt of Pakistan
245
_a
Constitution of Pakistan 1973
260
_a
_b
Mansoor Book
_c
090
_c
14526
_d
14526
942
_a
NUST-CAE
_c
M
_c
5032
999
_c
254977
_d
254977